High tea at the Beach House Hotel / Judith Keim.
Available copies
- 1 of 1 copy available at LARL/NWRL Consortium.
Current holds
0 current holds with 1 total copy.
Show Only Available Copies
| Location | Call Number / Copy Notes | Barcode | Shelving Location | Status | Due Date |
|---|---|---|---|---|---|
| Godel Memorial-Warren Library | lp KEI (Text) | 35500006906687 | Main | Available | - |
Record details
- ISBN: 9781962452649
- ISBN: 1962452646
- Physical Description: 380 pages (large print) ; 23 cm.
- Edition: Large print edition.
- Publisher: Boise, ID : Wild Quail Publishing, [2024]
- Copyright: ©2024
Content descriptions
| Summary, etc.: | "Ann and Rhonda continue their work at The Beach ... Read More |
Search for related items by subject
| Subject: | Man-woman relationships > Fiction. Women > Fiction. Friendship > Fiction. Hotelkeepers > Florida > Fiction. Hotels > Florida > Fiction. Nobility > Fiction. Florida > Fiction. |
| Genre: | Large type books. Love stories. Domestic fiction. Romance fiction. Large print books. |
Search for related items by series
| LDR | 02720nam a2200517 i 4500 | ||
|---|---|---|---|
| 001 | 476332 | ||
| 003 | LARL_NWRL_CONSORTIUM | ||
| 005 | 20251212135008.0 | ||
| 008 | 240829s2024 idu ed 000 1 eng d | ||
| 040 | . | ‡aTDS ‡beng ‡erda ‡cTDS ‡dOCLCO | |
| 020 | . | ‡a9781962452649 ‡q(large print, paperback) | |
| 020 | . | ‡a1962452646 ‡q(large print, paperback) | |
| 035 | . | ‡a(OCoLC)1453520544 | |
| 100 | 1 | . | ‡aKeim, Judith, ‡d1942- ‡eauthor. ‡1https://id.oclc.org/worldcat/entity/E39PCjFTcRpXJpxgFxmkjXF7Vy |
| 245 | 1 | 0. | ‡aHigh tea at the Beach House Hotel / ‡cJudith Keim. |
| 250 | . | ‡aLarge print edition. | |
| 264 | 1. | ‡aBoise, ID : ‡bWild Quail Publishing, ‡c[2024] | |
| 264 | 4. | ‡c©2024 | |
| 300 | . | ‡a380 pages (large print) ; ‡c23 cm. | |
| 336 | . | ‡atext ‡btxt ‡2rdacontent | |
| 337 | . | ‡aunmediated ‡bn ‡2rdamedia | |
| 338 | . | ‡avolume ‡bnc ‡2rdacarrier | |
| 340 | . | ‡nlarge print ‡2rdafs | |
| 490 | 0 | . | ‡aBeach House Hotel ; ‡v8 |
| 520 | . | ‡a"Ann and Rhonda continue their work at The Beach House Hotel, always striving to make their upscale property the best on the Gulf Coast of Florida. As they've learned, not all guests are easy. When they receive a request from Hilda Hassel, a member of the Bavarian royal family, for a two-week stay at the hotel in January, demanding the best room and high tea every afternoon, Ann is uneasy. Other Hassel family members canceled a large, fancy wedding at the last moment leaving a mess behind. But Rhonda convinces Ann that having a royal guest could increase important European business, and Ann agrees. After deciding to give Hilda the Presidential Suite for two weeks during their high season and welcoming her to the hotel, Ann and Rhonda are left to wonder if they've made the biggest mistake of their lives when Hilda arrives with her 'nephew' and strange things begin to happen." -- Amazon. | |
| 650 | 0. | ‡aMan-woman relationships ‡vFiction. ‡0(LARL_NWRL_CONSORTIUM)165985 | |
| 650 | 0. | ‡aWomen ‡vFiction. | |
| 650 | 0. | ‡aFriendship ‡vFiction. ‡0(LARL_NWRL_CONSORTIUM)164944 | |
| 650 | 0. | ‡aHotelkeepers ‡zFlorida ‡vFiction. | |
| 650 | 0. | ‡aHotels ‡zFlorida ‡vFiction. | |
| 650 | 0. | ‡aNobility ‡vFiction. ‡0(LARL_NWRL_CONSORTIUM)166350 | |
| 651 | 0. | ‡aFlorida ‡vFiction. ‡0(LARL_NWRL_CONSORTIUM)164960 | |
| 655 | 0. | ‡aLarge type books. | |
| 655 | 7. | ‡aLove stories. ‡2gsafd | |
| 655 | 7. | ‡aDomestic fiction. ‡2lcgft | |
| 655 | 7. | ‡aRomance fiction. ‡2lcgft | |
| 655 | 7. | ‡aLarge print books. ‡2lcgft | |
| 901 | . | ‡a476332 ‡bAUTOGEN ‡c476332 ‡tbiblio | |

Add to basket
Permalink
Disable Highlighting